Porovnanie efektívnosti online a klasického marketingu v podmienkach SR diplomová práca

Salvato in:
Dettagli Bibliografici
Autore principale: Miškovičová, Veronika
Ente Autore: Obchodná fakulta EU. Katedra informatiky obchodných firiem
Altri autori: Pólya, Attila
Natura: Libro
Lingua:slovacco
Pubblicazione: Bratislava 2013
Tags: Aggiungi Tag
Nessun Tag, puoi essere il primo ad aggiungerne!!

MARC

LEADER 00000nbm a2200000 4500
001 0169570
005 20161109102312.7
041 0 |a slo 
044 |a SK 
245 1 0 |a Porovnanie efektívnosti online a klasického marketingu v podmienkach SR  |b diplomová práca  |c Veronika Miškovičová ; školiteľ: Attila Pólya 
264 1 |a Bratislava  |c 2013 
300 |a 70 s. 
100 1 |a Miškovičová, Veronika 
700 1 |a Pólya, Attila 
710 2 |a Obchodná fakulta EU. Katedra informatiky obchodných firiem